Modern Rap Albums - Sudden Death - Statistics

General Stats
  • This quiz has been taken 914 times
  • The average score is 10 of 18
Answers on the Grid
Answers color-coded by a green-red scale on the quiz's grid according to % correct below.
To Pimp a Butterfly
Take Cover
Tha Carter X
Madvillany
Call Me if You Get Lost
Missed the Boat
good kid, m.A.A.d city
My Beautiful Dark Twisted Fantasy
The Blueprint
No Discounts
The Marshall Mathers LP
The Slim Shady LP
4D
Some Rap Songs
?
Circle of Death
God’s Advocate
The Drawing Board
Big Fish Theory
DAMN.
Nothing Was the Same
Tha Carter II
Tha Carter III
From Our Struggle
Astroworld
College Dropout
Audience
Crime of the Century
The Fat Lady Sings
Chromakopia
 
Answer Stats
Answer % Correct
To Pimp a Butterfly
77%
DAMN.
70%
good kid, m.A.A.d city
69%
Astroworld
66%
Chromakopia
62%
Tha Carter III
61%
Tha Carter II
59%
College Dropout
58%
My Beautiful Dark Twisted Fantasy
58%
The Slim Shady LP
58%
The Marshall Mathers LP
55%
?
53%
Call Me if You Get Lost
50%
Madvillany
47%
The Blueprint
45%
Nothing Was the Same
38%
Some Rap Songs
30%
Big Fish Theory
27%
No matching quizzes found
Score Distribution
Percent of People with Each Score
Percentile by Number Answered
Your Score History
You have not taken this quiz